| 000 | 01754nam a2200553 i 4500 | ||
|---|---|---|---|
| 001 | 44379 | ||
| 003 | KOSZ 005 | ||
| 005 | 20240405063145.0 | ||
| 008 | 040319s2003 pl a |000 0 pol | ||
| 015 | _aUWD 2004/10505 | ||
| 020 | _a8388731483 | ||
| 035 | _a991022816889705066 | ||
| 035 | _a(PL-WaBN)b16156912-48omnis_nlop | ||
| 035 | _ab16156912 | ||
| 035 | _a(OCoLC)749548255 | ||
| 035 | _azz2004943415 | ||
| 035 | _a(PL)b0000001615691 | ||
| 035 | _a(EXLNZ-48OMNIS_NETWORK)9910330094905606 | ||
| 040 |
_aWA N _cWA N _dKOSZ 005/HR |
||
| 041 | 0 | _apol | |
| 046 | _k2003 | ||
| 080 | _a37.018.1(438)"1989/..." | ||
| 080 | _a316.346.3-053.2 | ||
| 080 | _a316.7 | ||
| 100 | 1 |
_aRusiecka, Ada _eAutor |
|
| 245 | 1 | 0 |
_aRola rodziny w kształtowaniu wartości kulturalnych dziecka : _b(w teorii i praktyce pedagogicznej) / _cAda Rusiecka. |
| 260 |
_aSłupsk : _b[Wydaw. Pomorskiej Akademii Pedagogicznej], _c2003. |
||
| 300 |
_a268 s. : _btab., wykr. ; _c21 cm. |
||
| 336 |
_aTekst _btxt _2rdacontent |
||
| 337 |
_aBez urządzenia pośredniczącego _bn _2rdamedia |
||
| 338 |
_aWolumin _bnc _2rdacarrier |
||
| 380 | _aKsiążki | ||
| 388 | _a2001- | ||
| 504 | _aBibliogr. s. 234-246. | ||
| 648 | _a1901-2000 | ||
| 648 | _a1989-2000 | ||
| 648 | _a2001- | ||
| 650 | 7 |
_aDzieci _2DBN |
|
| 650 | 7 | _aKultura | |
| 650 | 7 |
_aRodzina _2DBN |
|
| 650 | 7 |
_aWychowanie w rodzinie _2DBN |
|
| 651 | 7 | _aPolska | |
| 658 | _aEdukacja i pedagogika | ||
| 658 | _aSocjologia i społeczeństwo | ||
| 658 | _aKultura i sztuka | ||
| 856 |
_uhttp://koha.tu.koszalin.pl/cgi-bin/koha/opac-detail.pl?biblionumber=44379 _yKatalog online BPK |
||
| 942 |
_2UKD _cKS |
||
| 999 |
_c44379 _d44379 |
||